Statistics for Random Cities on the Map by Letter - R

Click here to take the quiz!

General Stats

  • This quiz has been taken 592 times
  • The average score is 4 of 5

Answers on the Map

Answers color-coded by a green-red scale on the quiz's map according to % correct below.
 

Answer Stats

City% Correct
Reykjavik
100%
Riga
100%
Rome
98%
Rotterdam
95%
Riyadh
94%
Rabat
93%
Rio de Janeiro
90%
Raleigh
82%
Richmond
64%
Recife
62%
Rosario
61%
Rawalpindi
45%

Score Distribution

Percentile by Number Answered

Percent of People with Each Score

Your Score History

You have not taken this quiz